गूंगा नहीं था मैं / (Record no. 112803)

MARC details
000 -LEADER
fixed length control field 01089nam a22002537a 4500
005 - DATE AND TIME OF LATEST TRANSACTION
control field 20170124102944.0
010 ## - LIBRARY OF CONGRESS CONTROL NUMBER
LC control number A-952232
020 ## - INTERNATIONAL STANDARD BOOK NUMBER
Terms of availability 65.00
035 ## - SYSTEM CONTROL NUMBER
System control number A-952232
037 ## - SOURCE OF ACQUISITION
Source of stock number/acquisition Cen Lib/Ret
040 ## - CATALOGING SOURCE
Original cataloging agency DPL
Language of cataloging HN
082 ## - DEWEY DECIMAL CLASSIFICATION NUMBER
Classification number 821
Item number कर्दम
100 ## - MAIN ENTRY--PERSONAL NAME
Personal name कर्दम, जयप्रकाश
9 (RLIN) 49246
245 ## - TITLE STATEMENT
Title गूंगा नहीं था मैं /
Statement of responsibility, etc जयप्रकाश कर्दम
246 ## - VARYING FORM OF TITLE
Title proper/short title Goonga nahin tha main /
Remainder of title by Jayprakash Kardam
260 ## - PUBLICATION, DISTRIBUTION, ETC. (IMPRINT)
Place of publication, distribution, etc दिल्ली
Name of publisher, distributor, etc अतिश प्रकाशन
Date of publication, distribution, etc 1997
270 ## - ADDRESS
Address पॉकेट-ऍफ़-1, 9-बी, डी.डी.ए. फ्लैट, जी-8 एरिया, हरिनगर
City दिल्ली
Postal code 110064
300 ## - PHYSICAL DESCRIPTION
Extent 72पृ.
Dimensions 21सेमी(सजिल्द)
650 ## - SUBJECT ADDED ENTRY--TOPICAL TERM
Topical term or geographic name as entry element हिंदी साहित्य
9 (RLIN) 49247
650 ## - SUBJECT ADDED ENTRY--TOPICAL TERM
Topical term or geographic name as entry element हिंदी साहित्य -- कविता
9 (RLIN) 3490
650 ## - SUBJECT ADDED ENTRY--TOPICAL TERM
Topical term or geographic name as entry element Hindi literature
9 (RLIN) 49248
650 ## - SUBJECT ADDED ENTRY--TOPICAL TERM
Topical term or geographic name as entry element Hindi literature -- Poetry
9 (RLIN) 49249
942 ## - ADDED ENTRY ELEMENTS (KOHA)
Source of classification or shelving scheme Dewey Decimal Classification
Koha item type Hindi Books
Classification part 821
Call number suffix कर्दम
Holdings
Withdrawn status Lost status Damaged status Not for loan Home library Current library Date acquired Source of acquisition Cost, normal purchase price Total Checkouts Full call number Barcode Date last seen Copy number Cost, replacement price Price effective from Koha item type
        Central Library Central Library 10/08/2015 Cen Lib/Ret 65.00   821 कर्दम A-952232 10/08/2015 1 65.00 10/08/2015 Hindi Books

© Delhi Public Library
Hit Counter
free hit counter